[Event "Stare Mesto Open 2013"]
[Site "Stare Mesto CZE"]
[Date "2013.08.10"]
[Round "2.18"]
[White "Knotek,J"]
[Black "Jozefek,M"]
[Result "0-1"]
[WhiteElo "1943"]
[BlackElo "2202"]

1.d4 d6 2.e4 Nf6 3.Nc3 Nbd7 4.f4 e5 5.fxe5 dxe5 6.dxe5 Nxe5 7.Qxd8+ Kxd8
8.Bg5 Be7 9.Nf3 Nxf3+ 10.gxf3 Be6 11.Rd1+ Nd7 12.Bxe7+ Kxe7 13.Nd5+ Bxd5
14.Rxd5 c6 15.Rd1 g5 16.h4 h6 17.Kf2 Ne5 18.Be2 Ng6 19.hxg5 hxg5 20.Ke3 Nf4
21.Rdg1 f6 22.Rd1 Rad8 23.Rxd8 Rxh1 24.Rd1 Rh2 25.Bd3 b6 26.Rf1 Kd6 27.Rf2 Rh3
28.Bf1 Rh1 29.b3 Ke5 30.a4 Nh3 31.Bxh3 Rxh3 32.Rg2 Rh1 33.Rd2 Rc1 34.Rh2 a6
35.Rg2 a5 36.Kd2 Rh1 37.Ke3 Rh3 38.Rg4 Rh2 39.f4+ gxf4+ 40.Rxf4 Rxc2 41.Rf5+ Ke6
42.Kd4 Rd2+ 43.Kc3 Rd6 44.Rh5 c5 45.Rf5 Rd4 46.Rf4 Rb4 47.Kc2 c4 48.bxc4 Rxc4+
49.Kb3 Rb4+ 50.Ka3 Kf7 51.Rg4 Ke7 52.Rh4 Kd6 53.Rf4 Ke6 54.Rf5 Rxe4 55.Rb5 Rb4
56.Rxb4 axb4+ 57.Kxb4 Kd6 58.Kb5 Kc7 59.Kc4 Kc6 60.Kd4 f5 61.Ke5 Kc5 62.Kxf5 Kb4  0-1

[Event "HZ Open 2013"]
[Site "Vlissingen NED"]
[Date "2013.08.10"]
[Round "9.5"]
[White "Ducarmon,Q"]
[Black "Zaragatski,I"]
[Result "1-0"]
[WhiteElo "2438"]
[BlackElo "2505"]

1.e4 d6 2.d4 Nf6 3.Nc3 e5 4.Nf3 Nbd7 5.Bc4 Be7 6.O-O O-O 7.a4 c6 8.Ba2 exd4
9.Nxd4 Re8 10.Nf5 Nc5 11.Qf3 Bxf5 12.Qxf5 Qd7 13.Qxd7 Nfxd7 14.Rd1 Bf6 15.Rxd6 Bxc3
16.bxc3 Rxe4 17.Be3 Kf8 18.Bb3 Ke7 19.Rad1 Rxe3 20.fxe3 Ne5 21.R6d4 a5 22.e4 h5
23.Kf2 Rh8 24.Ke2 Rh6 25.Rf1 Rg6 26.Rf5 f6 27.Kf1 h4 28.Rh5 Rg4 29.h3 Rf4+
30.Kg1 Rxe4 31.Rxh4 Re1+ 32.Kf2 Rc1 33.Rh7 Nxb3 34.cxb3 Kf7 35.b4 Rxc3 36.bxa5 Rc5
37.Rh8 Rxa5 38.Rb8 Ra7 39.Ke2 c5 40.Rd5 Ke6 41.Rxc5 Nd7 42.Re8+ Kf7 43.Rcc8 Rxa4
44.Re3 Ra2+ 45.Ke1 Ra1+ 46.Kd2 Ra2+ 47.Kc1 Ra1+ 48.Kb2 Ra6 49.Rc7 Rd6 50.Rxb7 g5
51.Kc2 Kg6 52.Re7 Ne5 53.g4 Rc6+ 54.Kd1 Rd6+ 55.Ke2  1-0

[Event "TCh-ESP CECLUB Div2"]
[Site "Ciudad Real ESP"]
[Date "2013.08.11"]
[Round "6.3"]
[White "Garcia Moreno,C"]
[Black "Fidalgo Fernandez,J"]
[Result "1-0"]
[WhiteElo "2304"]
[BlackElo "2299"]

1.e4 d6 2.d4 Nf6 3.Nc3 e5 4.Nf3 Nbd7 5.Bc4 Be7 6.O-O O-O 7.Re1 c6 8.a4 a5
9.h3 Nb6 10.Ba2 Nfd7 11.Be3 exd4 12.Bxd4 Nc5 13.Bxc5 dxc5 14.Qe2 Qd6 15.Rad1 Qh6
16.Nd2 Be6 17.Nc4 Bxc4 18.Bxc4 Bf6 19.Bb3 Rae8 20.Nb1 Re7 21.c3 Rfe8 22.Nd2 Nd5
23.Qf3 Nf4 24.Nc4 Ng6 25.Nd6 Nh4 26.Qg4 Rf8 27.g3 g6 28.gxh4 Kh8 29.e5 Bxh4
30.Re4 Bg5 31.f4 Bh4 32.f5 Bg5 33.f6 Rc7 34.Nxf7+  1-0

[Event "Geraardsbergen Open 2013"]
[Site "Geraardsbergen BEL"]
[Date "2013.08.11"]
[Round "3.2"]
[White "De Vogelaere,R"]
[Black "Okhotnik,V"]
[Result "0-1"]
[WhiteElo "1944"]
[BlackElo "2414"]

1.e4 d6 2.d4 Nf6 3.Nc3 e5 4.Nf3 Nbd7 5.Bc4 Be7 6.O-O O-O 7.a4 a5 8.h3 c6
9.Be3 Qc7 10.Ba2 exd4 11.Nxd4 Nc5 12.Qf3 Re8 13.Bg5 Ne6 14.Be3 Nxd4 15.Bxd4 Be6
16.Rae1 Bxa2 17.Nxa2 Nd7 18.Qg3 Bf6 19.Bxf6 Nxf6 20.Nc3 Qb6 21.b3 Re6 22.Re3 Rae8
23.Rfe1 Qc5 24.Qf3 h6 25.Kf1 g6 26.R3e2 Kg7 27.Qd3 Qe5 28.g3 h5 29.Kg2 Qc5
30.Re3 h4 31.g4 d5 32.exd5 cxd5 33.Kf3 Rxe3+ 34.Rxe3 Rxe3+ 35.fxe3 Qd6 36.Qf1 Qe5
37.Qe1 d4 38.Nb5 Qe4+ 39.Kf2 Qxc2+ 40.Kg1 d3 41.Nd4 Qb2 42.Qd1 d2 43.Kf2 Ne4+
44.Kf3 Nc3  0-1

[Event "XXV Jirasek Mem 2013"]
[Site "Rakovnik CZE"]
[Date "2013.08.11"]
[Round "2.1"]
[White "Velicka,P"]
[Black "Cyborowski,L"]
[Result "1/2-1/2"]
[WhiteElo "2421"]
[BlackElo "2546"]

1.e4 d6 2.d4 Nf6 3.Nc3 e5 4.Nf3 Nbd7 5.Bc4 Be7 6.O-O O-O 7.Re1 c6 8.a4 b6
9.d5 cxd5 10.Nxd5 Bb7 11.Nxf6+  1/2-1/2

[Event "3rd Split Open 2013"]
[Site "Split CRO"]
[Date "2013.08.11"]
[Round "2.11"]
[White "Kalinski,K"]
[Black "Kadric,D"]
[Result "0-1"]
[WhiteElo "2118"]
[BlackElo "2458"]

1.d4 d6 2.e4 Nf6 3.Nc3 Nbd7 4.Nf3 e5 5.g3 c6 6.a4 b6 7.Bg2 Ba6 8.d5 Qc7 9.Ra3 Be7
10.Nh4 g6 11.Bh6 Rc8 12.h3 cxd5 13.exd5 Bf8 14.Be3 Bg7 15.Bf1 Bxf1 16.Kxf1 O-O
17.Kg2 Qb7 18.Re1 a6 19.Nf3 Rc4 20.Qd3 Rb4 21.Nd2 e4 22.Qe2 Nxd5 23.Nxd5 Qxd5
24.c4 Qc6 25.b3 b5 26.axb5 axb5 27.cxb5 Rxb5 28.Qc4 Rc8 29.Qxc6 Rxc6 30.Ra8+ Nf8
31.Nxe4 d5 32.Nd2 d4 33.Nf3 dxe3 34.Rxe3 Re6 35.Rd3 Bf6 36.g4 Kg7 37.g5 Be7
38.h4 Reb6 39.Re3 Ne6 40.Nd2 Bc5 41.Re4 Rb8 42.Ra2 Rb4 43.f3 Rxe4 44.Nxe4 Rxb3
45.Ra8 Be7 46.Ra7 Kf8 47.Ra8+ Nd8 48.Kg3 Ra3 49.Rb8 Ke8 50.Kg4 Kd7 51.Rb2 Nc6
52.Rb7+ Kc8 53.Rb1 Kc7 54.Rd1 Ne5+ 55.Kf4 Nxf3 56.Rc1+ Kd7 57.Rb1 Bd6+ 58.Nxd6 Kxd6
59.Rb6+ Kc5 60.Rb7 Nxh4 61.Kg4 Ra4+ 62.Kh3 Nf5  0-1

[Event "3rd Split Open 2013"]
[Site "Split CRO"]
[Date "2013.08.12"]
[Round "3.4"]
[White "Zelic,Ml"]
[Black "Bosiocic,Mari"]
[Result "1-0"]
[WhiteElo "2299"]
[BlackElo "2563"]

1.e4 d6 2.d4 Nf6 3.Nc3 e5 4.dxe5 dxe5 5.Qxd8+ Kxd8 6.Bg5 Be6 7.O-O-O+ Nd7
8.Bb5 c6 9.Ba4 Bc5 10.f3 h6 11.Bh4 Kc7 12.Bb3 Rhe8 13.Nge2 b5 14.g4 a5 15.Bg3 a4
16.Bxe6 Rxe6 17.a3 h5 18.h3 Rh8 19.Kb1 hxg4 20.hxg4 Rxh1 21.Rxh1 g6 22.Nc1 Bd6
23.Nd3 Nc5 24.Rh8 Nfd7 25.Bh4 Be7 26.Nxc5 Bxc5 27.Rh7 f6 28.Rh6 Nf8 29.g5 f5
30.Ne2 fxe4 31.fxe4 Be3 32.Rh8 Nd7 33.Rh7 Kd6 34.Ng3 Bf4 35.Nf5+ gxf5 36.exf5 Re8
37.g6 Rg8 38.Be7+ Kc7 39.g7 Bh6 40.f6 Bxg7 41.Rxg7 Re8 42.Bc5 Rd8 43.f7 Nf8
44.Rg8 Rd1+ 45.Ka2 Nd7 46.f8=Q Nxf8 47.Rxf8 Kd7 48.Rf7+ Kd8 49.c4 Rc1 50.Rf5 Rxc4
51.Bb6+ Kd7 52.Rxe5 Kd6 53.Rh5 c5 54.Rh6+ Kd5 55.Bc7 Re4 56.Rh5+ Kc6 57.Bd8 b4
58.axb4 cxb4 59.Rh4 Re8 60.Ba5 a3 61.Bxb4 axb2 62.Kxb2 Re3 63.Bc3 Kd5 64.Kb3 Rf3
65.Rh5+ Ke4 66.Kc4 Rf5 67.Rh1 Rf3 68.Rh8 Rf7 69.Re8+ Kf5 70.Bd4 Kf4 71.Kd3 Rf5
72.Rg8 Ra5 73.Be3+ Kf3 74.Rf8+ Kg4 75.Ke4 Ra4+ 76.Bd4 Kh4 77.Rg8 Rb4 78.Ke5 Rb5+
79.Kf4 Kh5 80.Be5 Rb7 81.Kf5 Kh6 82.Rg1 Kh7 83.Rh1+  1-0

[Event "FIDE World Cup 2013"]
[Site "Tromso NOR"]
[Date "2013.08.12"]
[Round "2.43"]
[White "Kravtsiv,M"]
[Black "Jobava,Ba"]
[Result "1-0"]
[WhiteElo "2607"]
[BlackElo "2696"]

1.e4 d6 2.d4 Nf6 3.Nc3 e5 4.Nf3 Nbd7 5.Bc4 Be7 6.O-O O-O 7.Re1 c6 8.a4 a5
9.h3 Re8 10.Ba2 exd4 11.Nxd4 Nc5 12.Qf3 Qb6 13.Bf4 Ne6 14.Nxe6 Bxe6 15.Bxe6 fxe6
16.e5 dxe5 17.Bxe5 Nd7 18.Bg3 Qxb2 19.Rab1 Qxc2 20.Rxb7 Nc5 21.Rxe7 Rxe7
22.Qxc6 Nb7 23.Nd5 exd5 24.Qxc2 Rxe1+ 25.Kh2 Kh8 26.Qc7 Nd8 27.Be5 Nf7 28.Bc3 Rc1
29.Qb7 Rf8 30.Qb2 Rxc3 31.Qxc3 Rd8 32.Qxa5 d4 33.f4 d3 34.Qd2 Nh6 35.a5 Nf5
36.a6 Ne3 37.Qa5 Ra8 38.Kg1 h6 39.Qc3 Rd8 40.a7 Nf5 41.Qc7  1-0

[Event "22nd ZMDI Open 2013"]
[Site "Dresden GER"]
[Date "2013.08.13"]
[Round "4.26"]
[White "Pietzsch,M"]
[Black "Barthel,A"]
[Result "1/2-1/2"]
[WhiteElo "2086"]
[BlackElo "2244"]

1.e4 Nf6 2.Nc3 d6 3.d4 c6 4.f4 Qa5 5.e5 Ne4 6.Bd3 Nxc3 7.Qd2 g6 8.bxc3 Bg7
9.Nf3 O-O 10.O-O c5 11.d5 dxe5 12.Nxe5 Nd7 13.Re1 Nxe5 14.fxe5 c4 15.Bxc4 Bf5
16.Bb3 e6 17.c4 Qc5+ 18.Qe3 Qxe3+ 19.Rxe3 a5 20.a4 Rac8 21.Ba3 exd5 22.Bxf8 Bxf8
23.cxd5 Bc5 24.Re1 Bxc2 25.Bxc2 Bxe3+ 26.Rxe3 Rxc2 27.Rb3 Rc5 28.Rxb7 Rxd5
29.Rb5 Rd2 30.Rxa5 Ra2 31.Ra8+ Kg7 32.a5 Re2 33.Re8 Ra2 34.Ra8  1/2-1/2

[Event "22nd ZMDI Open 2013"]
[Site "Dresden GER"]
[Date "2013.08.13"]
[Round "4.16"]
[White "Pallas,Sebastian"]
[Black "Schroeder,Ja"]
[Result "0-1"]
[WhiteElo "1903"]
[BlackElo "2355"]

1.e4 d6 2.d4 Nf6 3.Nc3 e5 4.dxe5 dxe5 5.Qxd8+ Kxd8 6.f3 Be6 7.Be3 Nbd7 8.O-O-O c6
9.g4 h6 10.h4 Kc7 11.Bh3 Bc5 12.Bxc5 Nxc5 13.Nge2 a5 14.g5 hxg5 15.Bxe6 Nxe6
16.hxg5 Nxg5 17.Rhg1 Ne6 18.Rd3 Rh3 19.Nd1 Rah8 20.Ne3 b5 21.c4 b4 22.Nf5 g6
23.Nfg3 Nd7 24.Kc2 Ndc5 25.Rd2 Rh2 26.Rgd1 Rf2 27.Ng1 Nd4+ 28.Kc1 Rhh2  0-1

[Event "SS Manhem IM 2013"]
[Site "Gothenburg SWE"]
[Date "2013.08.13"]
[Round "5.4"]
[White "Rydstrom,Tom"]
[Black "Rahul Kumar,P"]
[Result "0-1"]
[WhiteElo "2185"]
[BlackElo "2194"]

1.e4 d6 2.d4 Nf6 3.Nc3 c6 4.f3 Nbd7 5.Be3 e5 6.Nge2 Be7 7.Qd2 Qc7 8.g4 Nb6
9.Ng3 g6 10.O-O-O h5 11.gxh5 Nxh5 12.Nxh5 Rxh5 13.Be2 exd4 14.Qxd4 Be6 15.f4 Rh4
16.a4 Nd7 17.Bf2 Rh7 18.Kb1 Qb6 19.h4 Qxd4 20.Rxd4 Nf6 21.Rdd1 Nh5 22.Bxh5 Rxh5
23.Rde1 Kd7 24.Ne2 Rah8 25.Bxa7 Ra8 26.Bf2 Rxa4 27.Nc3 Ra8 28.Rh2 b5 29.Kc1 Bf6
30.Bg3 b4 31.Nd1 Rah8 32.Reh1 Bg4 33.Ne3 Bf3 34.Rf1 Bxe4 35.Ng4 Bg7 36.Re2 Ra5
37.Kd2 f5 38.Nf2 Rd5+ 39.Ke1 Bf3 40.Re3 Bh5 41.Nd3 Bd4 42.Nxb4 Bxe3 43.Nxd5 cxd5  0-1

[Event "SS Manhem IM 2013"]
[Site "Gothenburg SWE"]
[Date "2013.08.14"]
[Round "7.5"]
[White "Rydstrom,Tom"]
[Black "Berggren Torell,Harald"]
[Result "0-1"]
[WhiteElo "2185"]
[BlackElo "2114"]

1.e4 d6 2.d4 Nf6 3.Nc3 c6 4.f3 Nbd7 5.Be3 g6 6.Qd2 b5 7.d5 b4 8.dxc6 bxc3
9.cxd7+ Bxd7 10.Qxc3 Bg7 11.Qd2 O-O 12.Bd3 Qb8 13.c3 d5 14.Bf4 e5 15.Bg5 dxe4
16.fxe4 Rd8 17.Qc2 Bc6 18.Nf3 Rxd3 19.Qxd3 Qxb2 20.O-O Nxe4 21.Bd2 Qb6+ 22.Be3 Qa5
23.Rfc1 f5 24.Qc4+ Bd5 25.Qb4 Qc7 26.c4 Bc6 27.c5 f4 28.Bd2 Nxd2 29.Nxd2 Rd8
30.Rab1 Rd4 31.Qb8+ Qxb8 32.Rxb8+ Kf7 33.Nb3 Ra4 34.Rc8 Ra6 35.Rd1 Bf8 36.Rc7+ Ke6
37.Re1 Kf6 38.Rxh7 Rxa2 39.Rc7 Bd5 40.Nc1 Rxg2+ 41.Kf1 f3 42.Re3 Bc4+ 43.Nd3 e4
44.Rc6+ Kg5 45.h4+ Kh6 46.Rc8 Bg7 47.c6 Bd4 48.c7 Bxe3 49.Rh8+ Kg7  0-1

[Event "SS Manhem IM 2013"]
[Site "Gothenburg SWE"]
[Date "2013.08.14"]
[Round "7.2"]
[White "Zelbel,P"]
[Black "Rahul Kumar,P"]
[Result "0-1"]
[WhiteElo "2393"]
[BlackElo "2194"]

1.e4 d6 2.d4 Nf6 3.Nc3 c6 4.f4 Qa5 5.Bd3 e5 6.Nf3 Nbd7 7.Be3 a6 8.a3 Be7
9.Qd2 Qc7 10.h3 b5 11.O-O Bb7 12.Rae1 O-O 13.Qf2 exd4 14.Nxd4 Rfe8 15.Nf5 Bf8
16.Qg3 g6 17.b4 c5 18.bxc5 dxc5 19.e5 c4 20.exf6 cxd3 21.Bd4 Bc5 22.Nh6+ Kf8
23.Rxe8+ Rxe8 24.Qxd3 Nxf6 25.Kh2 Qc6 26.Rf2 Qb6 27.Bxc5+ Qxc5 28.Rd2 Kg7
29.Ng4 Nxg4+ 30.hxg4 Re3 31.Qd8 Qxc3 32.g5 Bxg2 33.f5 Rh3+ 34.Kg1 Qe3+ 35.Rf2 Rh1+  0-1

[Event "FIDE World Cup 2013"]
[Site "Tromso NOR"]
[Date "2013.08.14"]
[Round "2.1"]
[White "Areshchenko,A"]
[Black "Felgaer,R"]
[Result "1/2-1/2"]
[WhiteElo "2709"]
[BlackElo "2586"]

1.e4 d6 2.d4 Nf6 3.Nc3 e5 4.Nf3 Nbd7 5.Bc4 Be7 6.O-O c6 7.a4 O-O 8.Re1 b6
9.Ba2 a6 10.h3 Rb8 11.Be3 b5 12.axb5 axb5 13.b4 Qc7 14.Qd3 Nb6 15.Bb3 h6
16.Red1 Be6 17.Bxe6 fxe6 18.dxe5 dxe5 19.Bxb6 Qxb6 20.Rab1 Rbd8 21.Qe2 Nh5
22.Rxd8 Bxd8 23.Nxe5 Nf4 24.Qe3 Qb7 25.Nd3 Nxd3 26.Qxd3 Bb6 27.Nd1 Qf7 28.Qe2 Qg6
29.Kh1 Qf6 30.Rb3 Qd4 31.Qg4 Qe5 32.Rf3 Rd8 33.Rd3 Rf8 34.Rf3 Rd8 35.Rd3 Rf8
36.Rf3  1/2-1/2

[Event "22nd ZMDI Open 2013"]
[Site "Dresden GER"]
[Date "2013.08.15"]
[Round "6.2"]
[White "Shankland,S"]
[Black "Pancevski,F"]
[Result "1-0"]
[WhiteElo "2591"]
[BlackElo "2484"]

1.d4 d6 2.e4 Nf6 3.Nc3 e5 4.Nf3 exd4 5.Nxd4 Be7 6.Bf4 O-O 7.Qd2 c6 8.O-O-O b5
9.f3 b4 10.Na4 Bd7 11.b3 d5 12.e5 Nh5 13.Be3 g6 14.g4 Ng7 15.Ne2 Qa5 16.h4 c5
17.Nf4 d4 18.Nd5 dxe3 19.Nxe7+ Kh8 20.Qd6 Re8 21.h5 gxh5 22.Qh6 c4 23.Nd5 Bxg4
24.fxg4 Nd7 25.Nf6 Nf8 26.Rd5 Qc7 27.gxh5 cxb3 28.axb3  1-0

[Event "29th Metropolitan IM"]
[Site "Los Angeles USA"]
[Date "2013.08.15"]
[Round "3"]
[White "Peters,Ja"]
[Black "Remlinger,L"]
[Result "1/2-1/2"]
[WhiteElo "2360"]
[BlackElo "2302"]

1.e4 d6 2.d4 Nf6 3.Nc3 e5 4.Nf3 Nbd7 5.Bc4 Be7 6.O-O O-O 7.Re1 c6 8.a4 a5
9.h3 Qc7 10.Be3 exd4 11.Nxd4 Re8 12.Ba2 Bf8 13.Bf4 Ne5 14.Bg5 Ned7 15.Re3 h6
16.Bh4 d5 17.exd5 Rxe3 18.fxe3 Qe5 19.dxc6 bxc6 20.Qf3 Bb7 21.Bg3 Qc5 22.Qf5 Re8
23.Qxc5 Bxc5 24.Bf2 Bb4 25.Nce2 Ne4 26.Be1 Ne5 27.Ng3 Bxe1 28.Nxe4 Bb4 29.c3 Bf8
30.Nf2 Ba6 31.Rd1 Rb8 32.Rd2 c5 33.Nb5 Bxb5 34.axb5 Rxb5 35.Ng4  1/2-1/2

[Event "4th Sarkany-Aranytiz IM"]
[Site "Budapest HUN"]
[Date "2013.08.17"]
[Round "1"]
[White "Balint,Vi"]
[Black "Ianov,V"]
[Result "0-1"]
[WhiteElo "2216"]
[BlackElo "2314"]

1.e4 d6 2.d4 Nf6 3.Nc3 e5 4.Nf3 Nbd7 5.Bc4 Be7 6.O-O O-O 7.Re1 a6 8.a4 b6
9.Bg5 Bb7 10.Qd2 c6 11.Rad1 b5 12.dxe5 dxe5 13.Ba2 Qc7 14.Nh4 Rad8 15.axb5 axb5
16.Qd3 Nc5 17.Qg3 Rxd1 18.Rxd1 Ncxe4 19.Nxe4 Nxe4 20.Qg4 Nxg5 21.Rd7 Qa5
22.h3 Bc8 23.Nf5 Bxd7 24.Nxe7+ Kh8 25.Qxd7 Qxa2  0-1

[Event "22nd ZMDI Open 2013"]
[Site "Dresden GER"]
[Date "2013.08.17"]
[Round "8.17"]
[White "Rozov,B"]
[Black "Osmanodja,F"]
[Result "1-0"]
[WhiteElo "2152"]
[BlackElo "2290"]

1.d4 Nf6 2.Nc3 d6 3.e4 e5 4.d5 Be7 5.Bc4 O-O 6.Nge2 c6 7.Ng3 b5 8.Bb3 b4
9.Nce2 Bb7 10.c4 bxc3 11.Nxc3 Nbd7 12.dxc6 Bxc6 13.O-O Nc5 14.Bc2 Rb8 15.Re1 Re8
16.Nh5 g6 17.Nxf6+ Bxf6 18.Rb1 Ne6 19.Ba4 Bxa4 20.Qxa4 Nf4 21.Rd1 a5 22.Be3 Rc8
23.g3 Rxc3 24.Rxd6 Qxd6 25.Qxe8+ Kg7 26.bxc3 Qd3 27.Qb5 Ne2+ 28.Kf1 Nxg3+
29.Ke1 Qxc3+ 30.Bd2 Qf3 31.hxg3 Qh1+ 32.Ke2 Qxe4+ 33.Kd1 Qh1+ 34.Kc2 Qe4+
35.Kd1 Qh1+ 36.Ke2 Qe4+ 37.Be3 Bg5 38.Qd3 Qg4+ 39.Kd2 e4 40.Qd4+ Bf6 41.Qd6  1-0

[Event "88th ch-FRA 2013"]
[Site "Nancy FRA"]
[Date "2013.08.17"]
[Round "6.5"]
[White "Degraeve,JM"]
[Black "Vaisser,A"]
[Result "1-0"]
[WhiteElo "2563"]
[BlackElo "2544"]

1.e4 d6 2.d4 Nf6 3.Nc3 e5 4.Nf3 Nbd7 5.Bc4 Be7 6.a4 c6 7.O-O O-O 8.Re1 a5
9.h3 h6 10.Ba2 Nh7 11.Be3 Ng5 12.Nd2 Qc7 13.Nf1 Ne6 14.dxe5 dxe5 15.Bxe6 fxe6
16.Nd2 b6 17.Qg4 Rf6 18.Rad1 Ba6 19.Nf3 Nf8 20.Rd2 Rd8 21.Red1 Rxd2 22.Rxd2 b5
23.Qh5 b4 24.Ne2 Bd6 25.Ng3 c5 26.Nh2 Bb7 27.Ng4 Rg6 28.Bxh6 gxh6 29.Nxh6+ Rxh6
30.Qxh6 Qe7 31.Nh5 Kf7 32.f4 exf4 33.Qg7+ Ke8 34.e5 Qxg7 35.Nxg7+ Kf7 36.exd6 Nd7
37.Nh5 e5 38.g3 Bf3 39.g4 Bc6 40.b3 Kg6 41.Kf2 c4 42.bxc4 Bxa4 43.Rd5 Bxc2
44.Rxa5 b3 45.c5 b2 46.Rb5 Nxc5 47.Rxb2 Ba4 48.Ra2 Bb5 49.Kg1 Ne4 50.Re2 Ng5
51.Rb2 Ba4 52.Rb4 Bd7 53.Rb7 Nxh3+ 54.Kh2 Bxg4 55.Rg7+ Kxh5 56.Rxg4 Kxg4
57.d7 Ng5 58.d8=Q f3 59.Qf6 e4 60.Qe5 Kh4 61.Qf4+ Kh5 62.Kg3 f2 63.Qxf2  1-0

[Event "12th Lichtenberger Sommer"]
[Site "Berlin GER"]
[Date "2013.08.18"]
[Round "2.3"]
[White "Hess,Max"]
[Black "Stern,R"]
[Result "0-1"]
[WhiteElo "2013"]
[BlackElo "2504"]

1.e4 d6 2.d4 Nf6 3.Nc3 e5 4.dxe5 dxe5 5.Qxd8+ Kxd8 6.Bc4 Be6 7.Bxe6 fxe6
8.Nge2 Bd6 9.f4 Nc6 10.h3 Nb4 11.Kd1 Ke7 12.fxe5 Bxe5 13.a3 Rad8+ 14.Bd2 Nc6
15.Ke1 Nd4 16.Nxd4 Rxd4 17.Bg5 Rc4 18.Rf1 Bxc3+ 19.bxc3 Rxe4+  0-1

[Event "12th Lichtenberger Sommer"]
[Site "Berlin GER"]
[Date "2013.08.18"]
[Round "2.82"]
[White "Poeltelt,H"]
[Black "Mc Aleenan,C"]
[Result "1-0"]
[WhiteElo "1733"]
[BlackElo "1782"]

1.e4 d6 2.d4 Nf6 3.Nc3 c6 4.f4 Qa5 5.Bd3 e5 6.Nf3 Bg4 7.dxe5 dxe5 8.f5 Bc5
9.h3 Bxf3 10.Qxf3 b5 11.Bd2 Qb6 12.g4 Na6 13.a3 O-O-O 14.b4 Bd4 15.O-O-O Nc7
16.g5 Nfe8 17.Ne2 Qa6 18.Nxd4 Qxa3+ 19.Kb1 Rxd4 20.f6 g6 21.Qg3 Nd6 22.Qxe5 Rxd3
23.cxd3 Qxd3+ 24.Kc1 Nxe4 25.Qxc7+ Kxc7 26.Bf4+ Qd6 27.Bxd6+ Nxd6 28.Rhe1 Nf5
29.Rd3 Rf8 30.Red1 Kb6 31.Rd8 Rxd8 32.Rxd8 Kc7 33.Rh8 Kb6 34.Rxh7 Nd6 35.Kc2 c5
36.bxc5+ Kxc5 37.Rh8 a5 38.h4 Kd5 39.h5 gxh5 40.Rxh5 Ke6 41.Rh1 Ne4 42.Re1 Kf5
43.Rxe4  1-0

[Event "12th Lichtenberger Sommer"]
[Site "Berlin GER"]
[Date "2013.08.18"]
[Round "2.18"]
[White "Bertram,J"]
[Black "Gaerths,R"]
[Result "0-1"]
[WhiteElo "1971"]
[BlackElo "2221"]

1.e4 d6 2.d4 Nf6 3.Nc3 e5 4.Nf3 exd4 5.Nxd4 Be7 6.Bc4 O-O 7.O-O c6 8.a4 Nxe4
9.Nxe4 d5 10.Bd3 dxe4 11.Bxe4 Na6 12.c3 Bf6 13.Be3 Re8 14.Qf3 Nc7 15.Rad1 Qe7
16.Bb1 Nd5 17.Nc2 Nxe3 18.Nxe3 g6 19.h3 Be6 20.Rfe1 Bg7 21.Nc2 Qc7 22.Ne3 Qb6
23.Re2 Qa6 24.Bc2 Bd5 25.Nxd5 Qxe2 26.Qxe2 Rxe2 27.Ne3 Re8 28.Bd3 Rxb2 29.Bc4 Bf6
30.Rd7 Re7 31.Rd6 Kg7 32.Ng4 Rb1+ 33.Kh2 Bxc3  0-1

[Event "3rd Budapest Open"]
[Site "Budapest HUN"]
[Date "2013.08.18"]
[Round "2.5"]
[White "Koncz,Im"]
[Black "Yip,M"]
[Result "1/2-1/2"]
[WhiteElo "2181"]
[BlackElo "2023"]

1.d4 d6 2.e4 Nf6 3.Nc3 e5 4.Nf3 Nbd7 5.Bc4 Be7 6.O-O O-O 7.Re1 c6 8.a4 a5
9.h3 exd4 10.Qxd4 Nb6 11.Bf1  1/2-1/2

[Event "21st Troya Open 2013"]
[Site "Canakkale TUR"]
[Date "2013.08.18"]
[Round "3.19"]
[White "Karaahmetoglu,Ege"]
[Black "Unver,C"]
[Result "0-1"]
[WhiteElo "1696"]
[BlackElo "2036"]

1.e4 d6 2.d4 Nf6 3.Nc3 e5 4.dxe5 dxe5 5.Qxd8+ Kxd8 6.Bg5 c6 7.Nf3 Nd7 8.Bc4 Ke8
9.O-O-O Bb4 10.Rhe1 Ba5 11.Bh4 Bc7 12.h3 b5 13.Bb3 Nc5 14.Bg3 Nfd7 15.Rd2 a5
16.a3 Nxb3+ 17.cxb3 f6 18.Rc2 Bb6 19.Kb1 Nc5 20.Na2 Bb7 21.b4 Ne6 22.Rd2 Rd8
23.Rxd8+ Kxd8 24.Rd1+ Ke7 25.bxa5 Bxa5 26.b4 Bb6 27.Nc3 Ra8 28.Kb2 Nd4 29.Nxd4 Bxd4
30.Rd3 Bc8 31.f4 Be6 32.fxe5 fxe5 33.Bh4+ Ke8 34.Rf3 Ra7 35.Bf2 Rd7 36.Kc2 Bc4
37.Bg3 Rf7 38.Be1 Rxf3 39.gxf3 Bf1 40.Bg3 Bxh3 41.Ne2 Bg2 42.Nxd4 exd4 43.Be5 Bxf3
44.Kd3 Kf7 45.Bxd4 g5 46.Bf2 h5 47.Ke3 Bh1 48.Bg1 Kg6 49.Bh2 h4 50.Be5 Kh5
51.Bh2 g4 52.Kf4 Bxe4 53.Kxe4 g3 54.Bg1 h3 55.Kf3 h2 56.Bxh2 gxh2 57.Kg2 Kg4
58.Kxh2 Kf3 59.Kh3 Ke3 60.Kg4 Kd3 61.Kf5 Kc4 62.Ke6 Kd4  0-1

[Event "49th Rubinstein Memorial"]
[Site "Polanica Zdroj POL"]
[Date "2013.08.18"]
[Round "2.4"]
[White "Sulypa,A"]
[Black "Moranda,W"]
[Result "1/2-1/2"]
[WhiteElo "2483"]
[BlackElo "2572"]

1.e4 d6 2.d4 Nf6 3.Nc3 e5 4.Nf3 Nbd7 5.Bc4 Be7 6.O-O Nb6 7.Bd3 Nfd7 8.a4 a5
9.Be3 c6 10.Ne2 exd4 11.Bxd4 c5 12.Bxg7 Rg8 13.Bc3 c4 14.Ng3 cxd3 15.Qxd3 Nc5
16.Qe3 Nbxa4 17.Bd4 Nb6 18.Qh6 Rg6 19.Qxh7 Bf8 20.Rfd1 Ne6 21.e5 d5 22.Bxb6 Qxb6
23.Nh5 Nc5 24.Nf4 Ne4 25.Nxg6 Qxf2+ 26.Kh1 Qb6 27.h3 Qxg6 28.Qxg6 fxg6 29.Rxd5 b6
30.Re1 Bb7 31.Rd4 Ng3+ 32.Kh2 Nf5 33.Rd3 Bxf3 34.Rxf3 Rd8 35.c3 Rd2 36.b3 Rb2
37.c4 Bc5 38.Re4 Nd4 39.Rf6 Rxb3 40.Rxg6 a4 41.Rh4 Re3 42.Rh7 Rxe5 43.Ra7 Re7
44.Rxa4 Kf7 45.Rg4 Re1 46.Ra2 Nf5 47.h4 Bd6+ 48.g3 Nxg3 49.Rxg3  1/2-1/2

[Event "28th Schwarzacher Open"]
[Site "Schwarzach AUT"]
[Date "2013.08.18"]
[Round "2.3"]
[White "Dudas,E"]
[Black "Kunin,V"]
[Result "0-1"]
[WhiteElo "2242"]
[BlackElo "2514"]

1.e4 d6 2.d4 Nf6 3.Nc3 Nbd7 4.Nf3 e5 5.Bc4 Be7 6.O-O O-O 7.Re1 c6 8.a4 Qc7
9.h3 h6 10.Ba2 Re8 11.Be3 Nf8 12.a5 Ng6 13.dxe5 dxe5 14.Nd2 Bb4 15.a6 bxa6
16.Qf3 Qe7 17.Bc4 a5 18.Nb3 Nh4 19.Qe2 Bxc3 20.bxc3 Nxe4 21.Bxh6 a4 22.Na5 Bf5
23.Be3 Qf6 24.Qh5 g6 25.Qh6 Be6 26.Bd4 Nf5 27.Qc1 Bxc4 28.f3 exd4 29.fxe4 Ne3
30.Rxe3 dxe3 31.Nxc4 Rxe4 32.g4  0-1

[Event "28th Schwarzacher Open"]
[Site "Schwarzach AUT"]
[Date "2013.08.18"]
[Round "3.9"]
[White "Niedermeier,T"]
[Black "Biti,O"]
[Result "0-1"]
[WhiteElo "2136"]
[BlackElo "2387"]

1.e4 d6 2.d4 Nf6 3.Nc3 e5 4.Nf3 Nbd7 5.g4 Nxg4 6.Rg1 Ngf6 7.Bc4 exd4 8.Qxd4 Nb6
9.e5 Qe7 10.Bf4 dxe5 11.Bxe5 Nxc4 12.Qxc4 Be6 13.Qa4+ Bd7 14.Qf4 Nh5 15.Qe3 Bc6
16.O-O-O f6 17.Nd5 Bxd5 18.Rxd5 c6 19.Rd2 g6 20.Rgd1 fxe5 21.Rd7 Qxd7 22.Rxd7 Kxd7
23.Nxe5+ Kc7 24.Nf7 Bd6 25.Nxd6 Kxd6 26.Qd4+ Ke7 27.Qe5+ Kd7 28.Qd4+ Ke7
29.Qe5+ Kd7 30.Qd4+ Ke6 31.Qe4+ Kf7 32.Qc4+  0-1

[Event "18th Vienna Open 2013"]
[Site "Vienna AUT"]
[Date "2013.08.18"]
[Round "2.19"]
[White "Aseeva,M"]
[Black "Moser,E"]
[Result "0-1"]
[WhiteElo "2193"]
[BlackElo "2433"]

1.e4 d6 2.d4 Nf6 3.Nc3 Nbd7 4.f4 e5 5.Nf3 exd4 6.Qxd4 c6 7.Be3 d5 8.exd5 Bc5
9.Qd2 Qe7 10.Nd4 Ng4 11.O-O-O Qxe3 12.Re1 Bxd4 13.Kb1 O-O 14.Rxe3 Bxe3 15.Qe2 Ndf6
16.h3 Nf2 17.Qxe3 Nxh1 18.Bd3 Re8 19.Qg1 Ng3 20.dxc6 bxc6 21.b3 Bf5 22.Bxf5 Nxf5
23.Qc5 Ne3 24.g4 Nfd5 25.Na4 Nxf4 26.Qxc6 Nxh3 27.c4 Nxg4 28.Qd7 Nhf2 29.Nc3 h5
30.Nd5 h4 31.Nf4 h3 32.Nxh3 Rad8 33.Qf5 Re2  0-1

[Event "4th Sarkany-Aranytiz IM"]
[Site "Budapest HUN"]
[Date "2013.08.19"]
[Round "3"]
[White "To,N"]
[Black "Ianov,V"]
[Result "1-0"]
[WhiteElo "2296"]
[BlackElo "2314"]

1.e4 d6 2.d4 Nf6 3.Nc3 e5 4.Nf3 Nbd7 5.Bc4 Be7 6.O-O O-O 7.Re1 a6 8.a4 b6
9.h3 Bb7 10.d5 h6 11.b3 Nh7 12.a5 b5 13.Bf1 Ng5 14.Nh2 Nf6 15.h4 Ngh7 16.Nb1 c5
17.g3 Bc8 18.Bg2 Kh8 19.Be3 Ne8 20.Nd2 f5 21.exf5 Bxf5 22.c4 b4 23.Be4 Bxe4
24.Nxe4 Nef6 25.Nd2 Qd7 26.Kg2 Rae8 27.Qc2 Bd8 28.Qg6 Rf7 29.Ne4 Ref8 30.Nxf6 Rxf6
31.Qg4 Qf7 32.Kh1 Rg6 33.Qh3 Bc7 34.f4 e4 35.g4 Rf6 36.g5 Rf5 37.Nf1 Rxf4
38.Bxf4 Qxf4 39.gxh6 Qxh6 40.Nh2 Nf6 41.Rg1 Bd8 42.Raf1 Re8 43.Rg2 e3 44.Re2 Re4
45.Qc8 Re8 46.Rf3 Bxa5 47.Qxa6 Bd8 48.Qxd6 Be7 49.Qf4 Qxf4 50.Rxf4 Bd6 51.Rf3 Re4
52.Kg2 Rxh4 53.Rh3 Rxh3 54.Kxh3 g5 55.Rxe3 Bxh2 56.Kxh2 Ng4+ 57.Kg1  1-0

[Event "21st Troya Open 2013"]
[Site "Canakkale TUR"]
[Date "2013.08.19"]
[Round "4.8"]
[White "Sevgi,V"]
[Black "Duman,A"]
[Result "0-1"]
[WhiteElo "2011"]
[BlackElo "2271"]

1.e4 d6 2.d4 Nf6 3.Nc3 e5 4.Nge2 c6 5.g3 b5 6.a3 Nbd7 7.Bg2 Bb7 8.O-O a5
9.d5 cxd5 10.exd5 b4 11.Ne4 Nxe4 12.Bxe4 Be7 13.f4 Nf6 14.Bg2 Qb6+ 15.Kh1 Ng4
16.Qe1 O-O 17.Bd2 Rfc8 18.axb4 axb4 19.Rxa8 Bxa8 20.fxe5 dxe5 21.Nc1 Rxc2
22.Nd3 Qd4 23.Qe2 Bxd5 24.Bxd5 Qxd5+ 25.Kg1 Rxd2 26.Qxd2 Bc5+  0-1

[Event "28th Schwarzacher Open"]
[Site "Schwarzach AUT"]
[Date "2013.08.19"]
[Round "4.3"]
[White "Biti,O"]
[Black "Krstic,U"]
[Result "1/2-1/2"]
[WhiteElo "2387"]
[BlackElo "2478"]

1.e4 d6 2.d4 Nf6 3.Nc3 e5 4.dxe5 dxe5 5.Qxd8+ Kxd8 6.Bc4 Be6 7.Bxe6 fxe6
8.Nf3 Bd6 9.Bg5 a6 10.O-O-O Ke7 11.h3  1/2-1/2